डॉ. ए.पी.जे. अब्दुल कलाम : (Record no. 120999)

MARC details
000 -LEADER
fixed length control field 01222nam a22002537a 4500
005 - DATE AND TIME OF LATEST TRANSACTION
control field 20170124103206.0
010 ## - LIBRARY OF CONGRESS CONTROL NUMBER
LC control number B-158142
020 ## - INTERNATIONAL STANDARD BOOK NUMBER
Terms of availability 175.00
International Standard Book Number 8187472170
035 ## - SYSTEM CONTROL NUMBER
System control number B-158142
037 ## - SOURCE OF ACQUISITION
Source of stock number/acquisition Cen Lib/Ret
040 ## - CATALOGING SOURCE
Original cataloging agency DPL
Language of cataloging HN
082 ## - DEWEY DECIMAL CLASSIFICATION NUMBER
Classification number 921
Item number कमल
100 ## - MAIN ENTRY--PERSONAL NAME
Personal name कमल, एम.पी.
9 (RLIN) 42260
245 ## - TITLE STATEMENT
Title डॉ. ए.पी.जे. अब्दुल कलाम :
Statement of responsibility, etc एम.पी. कमल
Remainder of title प्रेरणाएं, उपलब्धियाँ, मिशन /
246 ## - VARYING FORM OF TITLE
Title proper/short title Dr. A.P.J. Abdul kalam : Prernayein, uplabdhiyan, mission /
Remainder of title by M.P. Kamal
260 ## - PUBLICATION, DISTRIBUTION, ETC. (IMPRINT)
Place of publication, distribution, etc नई दिल्ली
Name of publisher, distributor, etc विजय पब्लिशर्स
Date of publication, distribution, etc 2002
270 ## - ADDRESS
City नई दिल्ली
Address 5, गोला मार्किट, दरियागंज
Postal code 110002
300 ## - PHYSICAL DESCRIPTION
Extent 160पृ.
Dimensions 21सेमी (सजिल्द)
650 ## - SUBJECT ADDED ENTRY--TOPICAL TERM
Topical term or geographic name as entry element राष्ट्रपतियों - भारत - जीवनी।
9 (RLIN) 93838
650 ## - SUBJECT ADDED ENTRY--TOPICAL TERM
Topical term or geographic name as entry element वैज्ञानिकों - भारत - जीवनी।
9 (RLIN) 83835
650 ## - SUBJECT ADDED ENTRY--TOPICAL TERM
Topical term or geographic name as entry element Presidents -- India -- Biography.
9 (RLIN) 27959
650 ## - SUBJECT ADDED ENTRY--TOPICAL TERM
Topical term or geographic name as entry element Scientists -- India -- Biography.
9 (RLIN) 29362
942 ## - ADDED ENTRY ELEMENTS (KOHA)
Source of classification or shelving scheme Dewey Decimal Classification
Koha item type Hindi Books
Classification part 921
Call number suffix कमल
Holdings
Withdrawn status Lost status Damaged status Not for loan Home library Current library Date acquired Source of acquisition Cost, normal purchase price Total Checkouts Total Renewals Full call number Barcode Date last seen Date checked out Copy number Cost, replacement price Price effective from Koha item type
        Central Library Central Library 30/09/2015 Cen Lib/Ret 175.00 3 2 921 कमल B-158142 25/03/2022 15/03/2022 1 175.00 30/09/2015 Hindi Books

© Delhi Public Library
Hit Counter
free hit counter